A Text book of production Engineering (Record no. 5109)

MARC details
000 -LEADER
fixed length control field 00430nam a22001697a 4500
005 - DATE AND TIME OF LATEST TRANSACTION
control field 20160701152204.0
008 - FIXED-LENGTH DATA ELEMENTS--GENERAL INFORMATION
fixed length control field 160701b xxu||||| |||| 00| 0 eng d
020 ## - INTERNATIONAL STANDARD BOOK NUMBER
ISBN 81-219-001-1
041 ## - LANGUAGE CODE
Language code of text/sound track or separate title eng
082 ## - DEWEY DECIMAL CLASSIFICATION NUMBER
Item number 20646
100 ## - MAIN ENTRY--AUTHOR NAME
Personal name Sharma Dr.PC
245 ## - TITLE STATEMENT
Title A Text book of production Engineering
260 ## - PUBLICATION, DISTRIBUTION, ETC. (IMPRINT)
Place of publication New Delhi
Name of publisher Sultan Chand & Sons,
Year of publication 2014
300 ## - PHYSICAL DESCRIPTION
Number of Pages 979
650 ## - SUBJECT ADDED ENTRY--TOPICAL TERM
Topical Term Diploma Engineering
942 ## - ADDED ENTRY ELEMENTS (KOHA)
Koha item type Books
Holdings
Lost status Damaged status Collection code Home library Current library Shelving location Date acquired Cost, normal purchase price Full call number Accession Number Koha item type
    Reference JRU Library   SHELF-42-K 01/07/2016 495.00 20646 20646 Books
      JRU Library   SHELF-42-K 01/07/2016 495.00 20646 20647 Books
      JRU Library   SHELF-42-K 01/07/2016 495.00 20646 20648 Books
      JRU Library   SHELF-42-K 01/07/2016 495.00 20646 20649 Books
      JRU Library   SHELF-42-K 01/07/2016 495.00 20646 20650 Books
      JRU Library   SHELF-42-K 01/07/2016 495.00 20646 20651 Books
      JRU Library   SHELF-42-K 01/07/2016 495.00 20646 20652 Books
      JRU Library   SHELF-42-K 01/07/2016 495.00 20646 20653 Books
      JRU Library   SHELF-42-K 01/07/2016 495.00 20646 20654 Books
      JRU Library   SHELF-42-K 01/07/2016 495.00 20646 20655 Books
      JRU Library   SHELF-42-K 01/07/2016 495.00 20646 20656 Books
      JRU Library   SHELF-42-K 01/07/2016 495.00 20646 20657 Books
      JRU Library   SHELF-42-K 01/07/2016 495.00 20646 20658 Books
      JRU Library   SHELF-42-K 01/07/2016 495.00 20646 20659 Books
      JRU Library   SHELF-42-K 01/07/2016 495.00 20646 20660 Books
      JRU Library   SHELF-42-K 01/07/2016 495.00 20646 20661 Books
      JRU Library   SHELF-42-K 01/07/2016 495.00 20646 20662 Books
      JRU Library   SHELF-42-K 01/07/2016 495.00 20646 20663 Books
      JRU Library   SHELF-42-K 01/07/2016 495.00 20646 20664 Books
      JRU Library   SHELF-42-K 01/07/2016 495.00 20646 20665 Books